00276 a2200097 4500001000700000040003500007100002300042240005500065245005000120300000800170154775 cEscola São Tomás de Aquino aMOTA, Myriam Becho10aHistória das cavernas ao terceiro milêniolpor10aHistória das cavernas ao terceiro milênio a256